The late Harvey Grosbeck.

Saved in:
Bibliographic Details
Main Author: Millstein, Gilbert
Format: Book
Language:English
Published: Garden City, N.Y., Doubleday, 1974.
Edition:[1st ed.]
Subjects:
LEADER 00928cam a2200289 a 4500
001 c000099162
003 CARM
005 19990323000000.0
008 740424s1974 nyu 000 1 eng
010 |a 73083658 
019 1 |a 524052  |5 LACONCORD2021 
020 |a 0385011334 
035 |a (OCoLC)844603  |5 LACONCORD2021 
040 |a LC  |b eng  |c LC  |d LC 
043 |a n-us-ny 
050 0 0 |a PZ4.M6586  |b Lat  |a PS3563.I4234 
082 0 0 |a 813/.5/4 
100 1 |a Millstein, Gilbert. 
245 1 4 |a The late Harvey Grosbeck. 
250 |a [1st ed.] 
260 |a Garden City, N.Y.,  |b Doubleday,  |c 1974. 
300 |a 285 p.  |c 22 cm. 
650 0 |a Reporters and reporting. 
651 0 |a New York (N.Y.) 
852 8 |b CARM  |h A2:AD22A0  |i B03031  |p 0139209  |f BK 
999 f f |i 41cb8504-661f-5fe0-b0c0-4f7341aaed88  |s b035a209-4eab-57e0-8541-5ef3b9afb07f 
952 f f |p Can circulate  |a CAVAL  |b CAVAL  |c CAVAL  |d CARM 1 Store  |e B03031  |f A2:AD22A0  |h Other scheme  |i book  |m 0139209